[Event "British KO-ch 2018"]
[Site "London"]
[Date "2018.12.17"]
[Round "3.6"]
[White "Adams, Michael"]
[Black "Howell, David W L"]
[Result "1-0"]
[WhiteElo "2703"]
[BlackElo "2696"]
[Annotator "TA"]
[PlyCount "64"]
[EventDate "2018.12.08"]
[EventType "k.o."]
[EventCountry "ENG"]
[SourceTitle "playchess.com"]
[Source "ChessBase"]
[SourceQuality "1"]

{[%evp 21,64,17,23,3,18,9,19,0,14,22,12,2,14,-6,2,11,1,-3,38,38,77,16,33,54,57,45,99,99,102,99,102,102,112,106,113,115,122,111,114,106,116,108,411,412,821]} 1. e4 c6 2. Nf3 d5 3. Nc3 g6 4. d4 Bg7 5. h3 dxe4 6. Nxe4 Nf6 7. Bd3 O-O 8. O-O Nxe4 9. Bxe4 Nd7 {[%cal Bb8d7,Bd7f6,Bf6e4][%mdl 32]} 10. c3 c5 11. Be3 Qc7 {LiveBook: 4 Games. B15: Caro-Kann: 3 Nc3: 3...g6 and 3...dxe4 4 Nxe4 Nf6 5 Nxf6+ exf6} 12. Qe2 (12. Re1 Nf6 13. Bc2 b6 14. Qe2 Bb7 15. Rad1 e6 16. Bg5 {1-0 (91) Gurevich,V (2489)-Serafimov,T (2423) Germany 2013}) 12... cxd4 13. Nxd4 a6 {The position is equal.} 14. Rad1 $146 ({Predecessor:} 14. Rfd1 Nf6 15. Bc2 b6 16. Nf3 e5 17. Bb3 Bb7 18. Qc4 Qxc4 19. Bxc4 {1-0 (37) Chuprikov,D (2328)-Olenin,N (2346) Lipetsk 2017}) 14... Nf6 15. Bc2 b6 16. Rfe1 Bb7 17. Bb3 Ne4 18. Nf3 e6 19. Bd4 e5 20. Be3 h6 21. Bd5 ({White should play} 21. Nd2 $16) 21... Bxd5 22. Rxd5 f5 23. Red1 Rf7 (23... Rfe8 $14) 24. a4 $16 Kh7 25. Qd3 Nxf2 26. Bxf2 {[#] Bg3 is the strong threat.} (26. Kxf2 $6 e4 $11) 26... e4 27. Qe3 {And now Ne1 would win.} exf3 28. Qxf3 ({But not} 28. gxf3 $6 Rb8 $11) 28... Re8 29. Rd6 Qc4 30. Qc6 ({Of course not} 30. Bxb6 $6 Qxa4 31. Bf2 Ree7 $11) 30... Re4 31. Rxg6 ({Don't do} 31. Bxb6 Qxa4 32. Qxa4 Rxa4 $14) 31... Qe2 $2 {[%mdl 8192] [#]} (31... Qxc6 $16 {is tougher.} 32. Rxc6 Rxa4 33. Rxb6 f4) 32. Rdd6 $18 Qxb2 {Accuracy: White = 52%, Black = 35%.} (32... Qh5 $142 33. Qxb6 Re2) 1-0

[Event "British KO-ch 2018"]
[Site "London"]
[Date "2018.12.17"]
[Round "3.6"]
[White "McShane, Luke"]
[Black "Jones, Gawain C B"]
[Result "1-0"]
[WhiteElo "2664"]
[BlackElo "2682"]
[Annotator "TA"]
[PlyCount "99"]
[EventDate "2018.12.08"]
[EventType "k.o."]
[EventCountry "ENG"]
[SourceTitle "playchess.com"]
[Source "ChessBase"]
[SourceQuality "1"]

{[%evp 19,99,0,0,-50,-62,-58,-57,-47,-58,-57,-64,-54,-47,-87,-89,-89,-65,-53,-59,-75,-56,-66,-22,-28,-8,-15,-6,-15,0,-10,0,0,0,0,0,0,8,8,8,6,110,113,188,192,191,189,187,175,355,350,1081,972,1628,1620,1572,1557,1462,1389,6199,5749,5385,5289,29970,29970,29971,29972,29974,29975,29975,29976,29976,29977,29977,29975,29979,29979,29980,29981,29980,29981,29982,29983]} 1. e4 c5 2. Nf3 d6 3. d4 cxd4 4. Nxd4 Nf6 5. f3 Nc6 6. c4 e6 7. Nc3 Be7 8. Be3 O-O 9. Be2 d5 10. exd5 {B55: Sicilian: 2...d6 3 d4 cxd4 4 Nxd4 Nf6 5 f3} (10. Nxc6 bxc6 11. O-O dxe4 12. fxe4 e5 13. Qe1 Be6 14. Kh1 Kh8 15. Qg3 Qc7 16. Rac1 Qa5 17. Bg5 Rad8 {½-½ (37) Xiong,J (2667)-Bok,B (2608) Wijk aan Zee 2017}) 10... exd5 {LiveBook: 22 Games} 11. c5 Re8 12. Qd2 $146 {Black is slightly better.} ({Predecessor:} 12. a3 Bf8 13. Bg1 Ne5 14. Na4 Bd7 15. b4 b6 16. cxb6 axb6 17. Nb2 Rxa3 18. b5 Nxf3+ 19. Nxf3 Rxe2+ 20. Kxe2 Qe8+ 21. Kd2 Bb4+ 22. Kc2 Qc8+ {0-1 (22) Bebchuk,L (2135)-Tratatovici,M (2245) Tel Aviv 1995}) 12... Bxc5 {[#] Threatens to win with ...Rxe3!} 13. Nxc6 Bxe3 14. Nxd8 Bxd2+ 15. Kxd2 Rxd8 16. Rhd1 d4 17. Nb5 a6 18. Nc7 Rb8 19. Rdc1 {[#]} d3 $1 {[%mdl 512]} 20. Bd1 (20. Bxd3 Bf5) 20... Bf5 21. Rc5 Bg6 22. Rac1 h5 23. b4 Rd7 24. a4 Rbd8 25. b5 axb5 26. Nxb5 Nd5 27. Bb3 Nf4 {aiming for ...Re7.} 28. R1c4 Ne6 29. Re5 b6 (29... Kh7 $11) 30. Rc6 $16 Nc5 (30... Kh7 $16) 31. Rexc5 $1 $18 bxc5 32. Rxg6 $1 c4 33. Bxc4 {And now a5 would win.} Rc8 $2 (33... Ra8 34. Rd6 Rxd6 35. Nxd6 Rxa4 36. Bxf7+ Kf8) 34. Bb3 ({Don't take} 34. Rd6 Rxd6 35. Nxd6 Rc6 $18) 34... Rc2+ $2 (34... h4 35. Rg4 h3 36. gxh3 Kf8) 35. Bxc2 fxg6 36. Bxd3 Rd8 37. Kc3 Kf7 38. a5 Ra8 39. Kb4 Kf6 40. Be4 Ra6 41. Bb7 {White mates.} Re6 42. a6 Ke5 43. a7 Re8 44. a8=Q Rxa8 45. Bxa8 Kf4 46. Nd6 h4 47. Be4 g5 48. Bf5 Ke3 49. Bg4 Kf2 50. h3 {Accuracy: White = 84%, Black = 39%.} 1-0

[Event "British KO-ch 2018"]
[Site "London"]
[Date "2018.12.17"]
[Round "3.7"]
[White "Howell, David W L"]
[Black "Adams, Michael"]
[Result "1/2-1/2"]
[WhiteElo "2696"]
[BlackElo "2703"]
[Annotator "TA"]
[PlyCount "229"]
[EventDate "2018.12.08"]
[EventType "k.o."]
[EventCountry "ENG"]
[SourceTitle "playchess.com"]
[Source "ChessBase"]
[SourceQuality "1"]

{[%evp 19,229,22,21,4,14,13,23,6,5,0,9,0,0,0,1,11,12,11,10,0,14,0,22,15,40,7,6,0,0,0,35,22,24,33,36,23,91,14,18,0,34,9,19,15,18,15,18,10,22,2,2,2,14,0,0,0,0,0,0,0,0,0,0,0,31,33,79,92,81,79,125,93,118,104,93,25,39,12,31,20,20,25,31,8,20,20,24,8,14,8,32,0,0,0,0,0,0,0,0,-138,5,5,5,6,3,0,0,0,8,8,8,8,26,1,8,8,26,5,8,5,14,0,26,8,26,8,26,23,58,58,58,56,64,64,64,64,64,64,64,16,58,33,33,0,58,12,12,12,64,14,64,64,64,0,64,64,64,54,58,37,37,33,58,32,32,0,50,8,8,0,8,8,8,8,8,8,8,8,8,8,8,8,8,8,28,0,0,0,28,28,32,8,8,8,8,0,0,0,8,0,0,0,0,0,0,0,0,0,0,0,0,0]} 1. Nf3 d5 2. c4 e6 3. g3 Nf6 4. Bg2 dxc4 5. Qa4+ Bd7 6. Qxc4 {A13: English Opening: 1...e6} c5 7. Ne5 Qc8 8. Qd3 Nc6 9. Nxd7 Qxd7 10. Qxd7+ Kxd7 {LiveBook: 14 Games} 11. d3 Rc8 12. Nc3 Be7 {[%cal Bf8e7,Be7f6,Bf6g7,Bg7h6][%mdl 32]} 13. Be3 $146 ({Predecessor:} 13. b3 Rhd8 {½-½ (30) Pantsulaia,L (2612)-Wang,Y (2690) Riadh 2017}) 13... Rhd8 14. Rc1 b6 15. O-O Ke8 16. Rfd1 Nd5 17. Bd2 Bf6 18. Kf1 g6 19. Be1 h5 20. Rb1 Nd4 21. Rdc1 a5 22. Ne4 Bg7 23. Nd2 Bh6 24. e3 Nc6 (24... Bxe3 $5 25. fxe3 Nxe3+ 26. Kf2 Ng4+ 27. Kf1 Ne3+ 28. Kf2 Ng4+ 29. Kf1 Ne3+ $11) 25. Nc4 {Threatening Bxd5.} Rb8 26. a3 Bg7 27. Ke2 Ne5 (27... Kf8 $11 {keeps the balance.}) 28. Nxe5 (28. Bxd5 $1 $16 {And now Nxe5 would win.} Rxd5 29. Bc3) 28... Bxe5 $11 29. Rc4 Bd6 30. h3 Rbc8 31. Rbc1 Kd7 32. Bd2 Ne7 33. R4c2 Rc7 34. g4 hxg4 35. hxg4 Rh8 36. Rh1 (36. b4 {is more complex.} axb4 37. axb4 Ra7 38. bxc5 bxc5 39. Bc3) 36... Rxh1 37. Bxh1 Rc8 38. Rc1 Rh8 39. Bg2 Rh2 40. Kf1 Rh4 41. Bf3 Nc6 42. d4 a4 43. Kg2 Rh2+ 44. Kg1 $1 Rh4 45. Be1 f5 46. gxf5 gxf5 47. Kg2 (47. Bd1 $16) 47... Ne7 48. dxc5 Bxc5 49. Bc3 Nd5 50. Rd1 Kd6 51. Be1 Rh8 52. Kf1 Rd8 53. Ke2 Ke7 54. Bd2 Bd6 55. Rh1 (55. Bxd5 $5 exd5 56. Bc3 $14) 55... Be5 56. Rb1 b5 57. Be1 Kf6 58. Kf1 Kf7 59. b3 {[#]} (59. Ke2 $11) 59... Nc3 (59... b4 $1 $17 {[%cal Rb4a3][%mdl 512]} 60. Bxb4 (60. axb4 a3) 60... Nxb4 61. bxa4 Na6) 60. Bxc3 Bxc3 61. bxa4 bxa4 {[%mdl 4096] Endgame KRB-KRB} 62. Rb7+ Kf6 63. Ra7 f4 64. Rxa4 fxe3 65. fxe3 Rd2 66. Rc4 Be5 67. a4 Ra2 68. Be2 Bg3 69. Rg4 Be5 70. Kf2 Kf5 {Hoping for ...Rxe2+!} 71. Rc4 Ra3 72. Kf3 Rc3 73. Rh4 Bf6 74. Rf4+ Ke5 75. a5 {[%cal Ba4a5,Ba5a6][%mdl 32]} Ra3 76. a6 Bg5 77. Re4+ $1 Kd6 78. Bc4 e5 79. Ke2 Bh6 80. Kd2 Bg5 81. Ke2 Bh6 82. Kf2 Bg5 83. Kf3 Bh6 (83... Bd8 $11) 84. Bf1 Bg5 85. Bb5 $1 Bh6 86. Kf2 (86. Ra4 $14 Rxa4 87. Bxa4) 86... Bg5 ({Black should try} 86... Kd5 $11 87. Kf3 Bf8) 87. Ke2 $14 Bh6 88. Bd3 Bg5 89. Rg4 Bd8 90. Rg6+ Kd5 91. Bb5 Kc5 92. Bd3 Kd5 93. Rg1 e4 94. Bb5 Ra2+ 95. Kf1 $1 Bb6 96. Rg5+ Kd6 97. Rg6+ Kc5 98. Be2 Ba7 99. Rg7 Bb6 100. Kf2 Kc6 101. Rg6+ Kc7 102. Rg7+ Kc6 103. Rg6+ Kc7 104. Re6 Ra4 $1 105. Re5 Kd6 {The position is equal.} 106. Re8 Kc7 107. Re7+ Kd6 108. Rb7 Kc6 109. Rb8 Ra3 110. Rc8+ Kd6 111. Kg2 Bxe3 112. Re8 Ra2 113. Kf1 Ra1+ 114. Kg2 Ra2 115. Kf1 {Accuracy: White = 41%, Black = 48%.} 1/2-1/2

[Event "British KO-ch 2018"]
[Site "London"]
[Date "2018.12.17"]
[Round "3.7"]
[White "Jones, Gawain C B"]
[Black "McShane, Luke"]
[Result "1-0"]
[WhiteElo "2682"]
[BlackElo "2664"]
[Annotator "TA"]
[PlyCount "91"]
[EventDate "2018.12.08"]
[EventType "k.o."]
[EventCountry "ENG"]
[SourceTitle "playchess.com"]
[Source "ChessBase"]
[SourceQuality "1"]

{[%evp 14,91,29,34,33,27,31,23,33,9,17,4,19,20,15,20,13,16,12,14,30,46,114,0,10,0,16,-54,-11,-18,-40,-58,-11,-16,75,80,77,35,131,0,0,-96,-85,-91,-101,-101,-44,-105,0,-97,65,55,60,4,10,0,59,57,57,45,61,44,104,104,105,98,97,91,397,372,784,784,856,702,29995,29982,29996,29990,29997,29998]} 1. e4 c6 2. d4 d5 3. Nc3 dxe4 4. Nxe4 Nf6 5. Nxf6+ exf6 6. Bc4 Bd6 7. Qe2+ Be7 8. Nf3 {LiveBook: 16 Games. B15: Caro-Kann: 3 Nc3: 3...g6 and 3...dxe4 4 Nxe4 Nf6 5 Nxf6+ exf6} Na6 (8... O-O 9. O-O Bg4 10. Be3 Nd7 11. h3 Bh5 12. g4 Bg6 13. Bb3 a5 14. a4 Nb6 15. c4 Bb4 16. Rad1 Re8 17. Nh4 {½-½ (52) Campora,D (2426)-Spraggett,K (2535) Lisbon 2018}) 9. O-O O-O 10. Re1 {White is slightly better.} Bd6 11. h3 $146 ({Predecessor:} 11. a4 Nc7 12. c3 Re8 13. Qd1 Bg4 14. Rxe8+ Qxe8 15. h3 Be6 16. Bd3 Qd7 17. c4 {0-1 (40) Reimann,A-Jeske DDR 1987}) 11... Nc7 12. Bd3 Re8 13. Qd1 Be6 14. c4 Qd7 15. Bd2 b5 16. b3 a5 17. Qc2 h6 ({Black should play} 17... g6 $14) 18. Bf1 (18. d5 $1 $16 {[%cal Rd5e6]} cxd5 19. c5) 18... Bf5 $11 19. Rxe8+ Rxe8 20. Qc3 (20. Bd3 $11 Bxd3 21. Qxd3) 20... Be4 (20... b4 $5 {[%cal Rb4c3]} 21. Qb2 Be4 $15) 21. Qxa5 Bxf3 22. gxf3 Ne6 23. Be3 {[%cal Rc4b5]} Nf4 (23... bxc4 $11 {keeps the balance.} 24. Qf5 cxb3 25. axb3 Bb8) 24. Bxf4 $1 $16 Bxf4 25. Re1 {Threatens to win with Rxe8+.} Rd8 (25... Rb8 $14) 26. Re4 (26. cxb5 $16 Qd5 27. Qb6) 26... Bc7 $11 27. Qe1 (27. Qb4 $11) 27... f5 $1 $17 {[%cal Rf5e4]} 28. Re7 Qd6 {[%csl Gc7][%cal Rd6h2]} 29. Bg2 {[#]} bxc4 (29... Kf8 $1 $17 30. Re2 bxc4) 30. bxc4 (30. Re8+ $15 Kh7 31. Rxd8 Bxd8 32. bxc4) 30... c5 ({Better is} 30... Kf8 $17 31. Re2 Qxd4) 31. d5 (31. Re8+ $11 {remains equal.} Rxe8 32. Qxe8+ Kh7 33. dxc5 (33. Qxf7 Qh2+ 34. Kf1 Qf4 $11) 33... Qh2+ 34. Kf1) 31... Ba5 $2 (31... Kf8 $17 32. Re3 Qh2+ 33. Kf1 Qf4) 32. Re8+ $14 Kh7 33. Rxd8 (33. Qe7 $14) 33... Bxd8 $11 34. Qe8 Bf6 ({Black should try} 34... Kg6 $11) 35. Qxf7 $14 Qf4 36. Qe6 $1 Bd4 37. Qe1 h5 (37... Bf6 $14) 38. a4 $16 {[%cal Ba2a4,Ba4a5][%mdl 32]} Bf6 39. a5 {Hoping for a6.} Qxc4 40. f4 {Black must now prevent d6.} Qa2 $2 {[%mdl 8192]} (40... Qd4 $16 {is more resistant.}) 41. d6 $18 c4 $2 {[#]} (41... Bh4 42. Bc6 c4) 42. Bd5 $1 {Qe8 is the strong threat.} Qa4 43. Qe6 {White threatens Qg8+ and mate.} c3 44. Qxf5+ {White mates.} Kh6 45. Be4 {[%csl Ge4][%cal Rf5h7]} Qd1+ 46. Kh2 {Accuracy: White = 53%, Black = 28%.} 1-0

[Event "British KO-ch 2018"]
[Site "London"]
[Date "2018.12.17"]
[Round "3.8"]
[White "Adams, Michael"]
[Black "Howell, David W L"]
[Result "1/2-1/2"]
[WhiteElo "2703"]
[BlackElo "2696"]
[Annotator "TA"]
[PlyCount "64"]
[EventDate "2018.12.08"]
[EventType "k.o."]
[EventCountry "ENG"]
[SourceTitle "playchess.com"]
[Source "ChessBase"]
[SourceQuality "1"]

{[%evp 15,64,17,24,26,47,11,39,2,10,0,21,0,0,0,0,0,0,0,0,0,25,0,0,0,0,0,0,-31,-29,-28,-25,-34,0,-12,0,-11,0,0,0,-22,0,0,0,-20,0,-17,87,0,19,12,41]} 1. e4 c6 2. Nc3 d5 3. Nf3 dxe4 4. Nxe4 Nf6 5. Nxf6+ exf6 6. Bc4 Bd6 7. Qe2+ Be7 {B11: Caro-Kann: Two Knights Variation} (7... Qe7 8. d4 Na6 9. O-O Qxe2 10. Bxe2 Bf5 11. c3 Nc7 12. Nd2 Nd5 13. Nc4 Bc7 14. Ne3 Nxe3 15. Bxe3 O-O-O {½-½ (68) Adams,M (2712)-Tari,A (2618) Batumi 2018}) 8. O-O O-O {LiveBook: 5 Games} 9. Re1 Bd6 {White has an edge.} 10. h3 Na6 $146 {[%cal Bb8a6,Ba6c7,Bc7d5][%mdl 32]} ({Predecessor:} 10... b5 11. Bb3 Na6 12. d4 Nc7 13. Bd2 Bf5 14. Nh4 Be6 15. Ba5 {1-0 (45) Vorobiov,E (2585)-Voigt,M (2346) Lueneburg 2017}) 11. d4 (11. Bxa6 $5 bxa6 12. d4 $11) 11... Nc7 12. Bd2 a5 13. a4 Nd5 14. c3 Be6 15. Bd3 Re8 16. Qe4 g6 17. Qh4 Qd7 18. Bc4 Be7 19. Bh6 Rad8 20. Rad1 b5 21. axb5 cxb5 22. Bxd5 Bxd5 23. Re3 Bxf3 (23... a4 {looks sharper.} 24. Rde1 Be6 25. Nd2 f5 26. Qf4 b4) 24. Rxf3 f5 25. Qf4 Bd6 26. Qd2 a4 27. Re1 Re4 28. Rfe3 Rde8 29. f3 R4e6 30. Kf1 Bg3 {[#]} (30... b4 $11) 31. R1e2 ({White should try} 31. d5 $1 $16 R6e7 32. R1e2) 31... Qd5 32. Rxe6 Rxe6 {Accuracy: White = 43%, Black = 55%.} 1/2-1/2

[Event "British KO-ch 2018"]
[Site "London"]
[Date "2018.12.17"]
[Round "3.8"]
[White "McShane, Luke"]
[Black "Jones, Gawain C B"]
[Result "0-1"]
[WhiteElo "2664"]
[BlackElo "2682"]
[Annotator "TA"]
[PlyCount "66"]
[EventDate "2018.12.08"]
[EventType "k.o."]
[EventCountry "ENG"]
[SourceTitle "playchess.com"]
[Source "ChessBase"]
[SourceQuality "1"]

{[%evp 16,66,17,18,32,41,47,33,23,35,50,60,53,0,106,123,200,169,278,273,300,295,297,158,151,160,159,51,33,49,30,58,250,86,141,138,156,105,110,93,96,-12,-17,-31,-29,-399,-397,-396,-393,-29996,-29997,-29997,-561]} 1. d4 Nf6 2. Bg5 d5 3. e3 c5 4. Bxf6 gxf6 5. dxc5 Nc6 (5... e6 6. Nf3 Bxc5 7. Be2 Nc6 8. O-O O-O 9. c4 dxc4 10. Qa4 Qe7 11. Qxc4 b6 12. Nc3 Bb7 13. Qh4 Nb4 14. Rfd1 Rfd8 15. a3 Nd5 16. Nxd5 Rxd5 17. b4 Bd6 18. e4 Rxd1+ 19. Rxd1 Kg7 20. e5 {½-½ (20) Shimanov,A (2626)-Lenderman,A (2626) Saint Louis 2018}) 6. Nf3 {D00: 1 d4 d5: Unusual lines} e6 7. c4 dxc4 8. Nbd2 Bxc5 9. Bxc4 {LiveBook: 3 Games} Bd7 10. O-O f5 $146 ({Predecessor:} 10... Qc7 11. Rc1 Be7 12. a3 O-O 13. Ne4 Rfd8 {½-½ (43) Stopa,J (2451)-Dorfanis,I (2164) Skopje 2017}) 11. Rc1 Bb6 12. e4 Qf6 13. exf5 Qxf5 14. Qe2 (14. Be2 $14) 14... Bc7 (14... O-O-O $11) 15. Bd3 $36 {[%mdl 2048] White is really pushing.} Qf4 (15... Qf6 $16 {was called for.}) 16. g3 Qh6 (16... Qb4 {was necessary.} 17. Ne4 O-O-O) 17. b4 $1 $18 {[%cal Bb2b4,Bb4b5][%mdl 32]} Bb6 18. b5 Ne7 19. Ne5 (19. Nc4 $18) 19... Rd8 $16 20. Ndc4 Bxb5 {[#]} 21. Nxf7 ({Better is} 21. Nd6+ $1 $16 {[%mdl 512]} Rxd6 22. Bxb5+ Kf8 23. Qf3) 21... Kxf7 $14 22. Ne5+ {[%mdl 64] Discovered Attack} Kg7 {...Rhf8 is the strong threat.} 23. Bxb5 {And now Qg4+ would win.} Qg5 $2 ({Black should try} 23... Rhf8 $14 24. Ng4 Qg5) 24. Nf3 $2 (24. Rc4 $18 {and White stays clearly on top. Threatens to win with Rg4.} h5 25. Nd7) 24... Qf6 (24... Qh5 $142) 25. Rc4 $1 $16 {[%cal Rc4f4] aiming for Rf4.} Ng6 26. Re4 (26. Rg4 $142) 26... Rhf8 {[#]} 27. Kg2 $1 Rd5 {[#] Strongly threatening ...Rxb5!} 28. Bc4 (28. Rb1 $1 $16) 28... Rf5 $1 $11 {[%cal Rf5f3]} 29. Rxe6 Qc3 {[%cal Rf5f3]} 30. Rxg6+ $4 {[%mdl 8192]} (30. Rxb6 $1 $11 axb6 31. Nd2) 30... hxg6 $19 31. Qe7+ R8f7 32. Bxf7 $2 (32. Qe4 $19 Rxf3 33. Bxf7 Rxf7 34. f4) 32... Qxf3+ {[%mdl 64] Double Attack} 33. Kg1 Bxf2+ {Accuracy: White = 31%, Black = 44%.} 0-1